Mehrfache Ballon d‘Or Gewinner - Statistiken

Allgemein
  • Dieses Quiz wurde 137 mal gespielt
  • Das Durchschnittsergebnis liegt bei 7 aus 10
Antwortstatistiken
Hint Antwort % Korrekt
2008/2013/2014/2016/2017 Cristiano Ronaldo
100%
2009/2010/2011/2012/2015/2019/2021/2023 Lionel Messi
99%
1997/2002 Ronaldo
99%
1972/1976 Franz Beckenbauer
82%
1971/1973/1974 Johan Cruyff
59%
1988/1989/1992 Marco van Basten
55%
1980/1981 Karl Heinz-Rummenigge
53%
1983/1984/1985 Michel Platini
50%
1957/1959 Alfredo Di Stefano
44%
1978/1979 Kevin Keegan
19%
Keine übereinstimmenden Quizze gefunden
Verteilung der Resultate
Anzahl Personen mit jedem Resultat
Perzentil nach korrekt beantworteten Fragen
Ihre Resultats-Entwicklung
Sie haben dieses Quiz noch nicht gespielt